Computer Oriented Numerical Methods (Record no. 7817)
[ view plain ]
| 000 -LEADER | |
|---|---|
| fixed length control field | 00299nam a2200121Ia 4500 |
| 008 - FIXED-LENGTH DATA ELEMENTS--GENERAL INFORMATION | |
| fixed length control field | 191201s2019 xx 000 0 und d |
| 100 ## - MAIN ENTRY--PERSONAL NAME | |
| Personal name | SALARIA, R.S. |
| 245 #0 - TITLE STATEMENT | |
| Title | Computer Oriented Numerical Methods |
| 250 ## - EDITION STATEMENT | |
| Edition statement | 5th |
| 260 ## - PUBLICATION, DISTRIBUTION, ETC. (IMPRINT) | |
| Name of publisher, distributor, etc | Khanna Publisher |
| Place of publication, distribution, etc | NEW DELHI |
| 300 ## - PHYSICAL DESCRIPTION | |
| Extent | 462 |
| 942 ## - ADDED ENTRY ELEMENTS (KOHA) | |
| Source of classification or shelving scheme | Dewey Decimal Classification |
| Koha item type | Text Books |
| 942 ## - ADDED ENTRY ELEMENTS (KOHA) | |
| -- | 9 |
| Withdrawn status | Lost status | Source of classification or shelving scheme | Damaged status | Not for loan | Collection code | Home library | Current library | Date acquired | Source of acquisition | Cost, normal purchase price | Bill Number | Total Checkouts | Full call number | Acc. no. / Barcode | Date last seen | Actual Cost, discounted price | Bill Date | Koha item type | Date last borrowed |
|---|---|---|---|---|---|---|---|---|---|---|---|---|---|---|---|---|---|---|---|
| Dewey Decimal Classification | BCA | PIET C-LIBRARY | PIET C-LIBRARY | 09/04/2012 | IBH, New Delhi | 385.00 | 10249 | 004.151 SAC | BC299 | 04/12/2019 | 288.29 | 09/04/2012 | Text Books | ||||||
| Dewey Decimal Classification | BCA | PIET C-LIBRARY | PIET C-LIBRARY | 09/04/2012 | IBH, New Delhi | 385.00 | 10249 | 5 | 004.0151 SAC | BC300 | 28/12/2023 | 288.29 | 09/04/2012 | Text Books | 22/12/2023 | ||||
| Dewey Decimal Classification | BCA | PIET C-LIBRARY | PIET C-LIBRARY | 09/04/2012 | IBH, New Delhi | 385.00 | 10249 | 4 | 004.0151 SAC | BC301 | 01/06/2022 | 288.29 | 09/04/2012 | Text Books | 11/05/2022 | ||||
| Dewey Decimal Classification | BCA | PIET C-LIBRARY | PIET C-LIBRARY | 28/03/2017 | Kirti Prakashan | 385.00 | IN5627 | 2 | 004.0151 SAC | BC1230 | 22/12/2021 | 288.75 | 28/03/2017 | Text Books | 19/10/2021 | ||||
| Dewey Decimal Classification | BCA | PIET C-LIBRARY | PIET C-LIBRARY | 28/03/2017 | Kirti Prakashan | 385.00 | IN5627 | 3 | 004.0151 SAC | BC1231 | 28/12/2023 | 288.75 | 28/03/2017 | Text Books | 22/12/2023 |